000 00851nam a2200181Ia 4500
008 100920s9999 xx 000 0 und d
082 _b107461
_a28 व 51 न 08
100 _aगाडे सोपान.
245 _aमहाराष्ट्राचे मुख्यमंत्री शंकरराव चव्हाण.
260 _bअविष्कार प्रकाशन,पुणे.
_c2008
300 _a40
_bसाधी
365 _b25
520 _aबा. वि चरित्र.
630 _aमहाराष्ट्राचे मुख्यमंत्री शंकरराव चव्हाण.
650 _aबा. वि चरित्र.
730 _aमहाराष्ट्राचे मुख्यमंत्री शंकरराव चव्हाण.
942 _cBOOK
999 _c747885
_d747882